000
00322nam a2200133Ia 4500
008
100328s9999 xx 000 0 und d
082
_b
32629
100
_a
धुरी विरेंद्र ह.
245
_a
दंश
260
_b
डिंपल
630
_a
दंश
730
_a
दंश
942
_c
BOOK
999
_c
523379
_d
523376